Top 10 des meilleurs joueurs en LDC sur la saison 2024/25 - Statistiques

Statistiques générales
  • Ce quiz a été pris 367 fois
  • Le résultat moyen est 19 sur 40
Statistiques - réponses
Poste Classement Club Réponse % Correct
Gardien 3 Real Madrid Thibaut Courtois
93%
Gardien 1 Liverpool Alisson
89%
Gardien 4 Aston Villa Emiliano Martinez
85%
Gardien 2 Inter Yann Sommer
84%
Défenseur (Central) 10 Barcelone Inigo Martinez
83%
Gardien 5 AC Milan Mike Maignan
82%
Défenseur (Droit) 2 Paris SG Achraf Hakimi
77%
Défenseur (Gauche) 3 Paris SG Nuno Mendes
74%
Gardien 10 Lille Lucas Chevalier
66%
Défenseur (Central) 5 Paris SG Marquinhos
66%
Défenseur (Central) 8 Liverpool Virgil van Dijk
62%
Attaquant (Ailier Droit) 8 Barcelone Lamine Yamal
60%
Attaquant (Ailier Droit) 6 Paris SG Ousmane Dembélé
60%
Défenseur (Gauche) 1 Bayer Leverkusen Alejandro Grimaldo
51%
Milieu (central) 9 Paris SG Vitinha
51%
Attaquant (Ailier Droit) 10 Arsenal Bukayo Saka
50%
Attaquant (Buteur) 4 Bayern Munich Harry Kane
50%
Défenseur (Gauche) 9 Bayern Munich Alphonso Davies
49%
Milieu (offensif) 2 Bayer Leverkusen Florian Wirtz
49%
Milieu (offensif) 7 Bayern Munich Jamal Musiala
47%
Milieu (central) 3 Bayern Munich Joshua Kimmich
47%
Attaquant (Ailier Gauche) 1 Barcelone Raphinha
47%
Attaquant (Buteur) 2 Atletico Madrid Antoine Griezmann
46%
Attaquant (Ailier Gauche) 3 Paris SG Kvicha Kvaratskhelia
46%
Attaquant (Ailier Droit) 9 Manchester City Phil Foden
45%
Attaquant (Ailier Droit) 7 Bayern Munich Michael Olise
43%
Attaquant (Buteur) 5 Atalanta Ademola Lookman
39%
Défenseur (Central) 7 Manchester City John Stones
36%
Défenseur (Central) 4 Dortmund Nico Schlotterbeck
36%
Milieu (central) 8 Liverpool Alexis Mac Allister
33%
Gardien 7 Barcelone Wojciech Szczesny
33%
Gardien 6 Brest Marco Bizot
32%
Défenseur (Central) 6 AS Monaco Wilfried Singo
26%
Milieu (droit/central) 10 Atletico Madrid Marcos Llorente
22%
Gardien 8 Celtic Kasper Schmeichel
11%
Milieu (central) 4 Manchester City Matheus Nunes
11%
Milieu (offensif) 5 Atalanta Charles De Ketelaere
10%
Milieu (offensif) 1 PSV Malik Tillman
9%
Gardien 9 Sporting Franco Israel
7%
Milieu (central) 6 Atalanta Lazar Samardzic
2%
Aucun quiz correspondant
Distribution des résultats
% des personnes avec chaque résultat
Percentile par nombre de réponses
Votre historique - résultats
Vous n’avez pas pris ce quiz